000 00509nam a2200181 i 4500
001 bgj
245 0 0 _aMerriam-Webster's collegiate thesaurus.
260 _aSpringfield, Ma :
_bMerriam-Webster,
_cc. 1988.
300 _a26a, 868 pp ;
_c26 cm.
650 9 _aEnglish language
_xSynonyms and antonyms
655 _aDictionaries
020 _a0877791694 (hbk, jacket)
040 _cBPK
041 0 _aeng
920 _a0-87779-169-4 (hbk, jacket)
942 _cKS
008 s uk f |000 0 eng
999 _c48134
_d48134